Pasolini oltre la morte e Dialoghi con potere e liberta, vita e morte, realta e irrealta /

সংরক্ষণ করুন:
গ্রন্থ-পঞ্জীর বিবরন
প্রধান লেখক: Cotti, Enrico Natale (লেখক)
বিন্যাস: গ্রন্থ
ভাষা:ইতালিয়
প্রকাশিত: [Roma?] : Stampa alternativa, 1993
মালা:Millelire
ট্যাগগুলো: ট্যাগ যুক্ত করুন
কোনো ট্যাগ নেই, প্রথমজন হিসাবে ট্যাগ করুন!

MARC

LEADER 00000nam a22000007i 4500
001 IT\ICCU\UBO\2419106
003 ItRI
005 20260115232246.0
008 040416s1993 it |||||| ||||| |||||c
040 |b ita  |c importazione bologna sebina 
041 7 |a ita  |2 ISO-639-2 
100 1 |a Cotti, Enrico Natale  |0 IT\ICCU\UBOV\869925  |4 aut 
245 1 0 |a Pasolini oltre la morte e Dialoghi con potere e liberta, vita e morte, realta e irrealta /  |c Enrico Natale Cotti. 
260 |a [Roma?] :  |b  Stampa alternativa,  |c 1993 
300 |a 28 p. ;  |c 15 cm 
500 |a Ed. f.c. 
830 0 |a Millelire  |0 IT\ICCU\RAV\0186200 
942 |2 ddc  |c BK  |n 0 
952 |0 0  |1 0  |4 0  |6 DOC_858_914000000000000_COT  |7 0  |9 23148  |a BO  |b BO  |d 2026-01-15  |i 3087  |l 0  |o DOC 858.914 COT  |p BO3087  |r 2026-01-15 23:22:46  |w 2026-01-15  |x [Sebina 5] [1 v.]  |y BK  |z 1 v. 
999 |c 19739  |d 19739